| 000 | 00385 a2200145 4500 | ||
|---|---|---|---|
| 082 | _a552.5 | ||
| 100 | _aPettijohn, F.J. | ||
| 245 |
_aSand and Sandstone _cF.J, Pettijohn |
||
| 250 | _a2nd Edition. | ||
| 260 |
_aIslamabad: _bNational Book Foundation, _c1984. |
||
| 300 |
_axviii, 553 p.: _bill.; _c29 cm. |
||
| 500 | _aInclude Index | ||
| 650 | _aSand Sandstone | ||
| 942 |
_cBK _k552.5 PET |
||
| 999 |
_c7963 _d7963 |
||